Fictional TV Musicians Quiz Stats

 Plays Quiz Updated Aug 6, 2019

Support Sporcle.
Go Orange.
Score 0/28 Timer 07:00
1 Play Today
Musicians TV Show % Correct
Ricky RicardoI Love Lucy
74.9%
SchroederA Charlie Brown Christmas
59.6%
Jesse and the RippersFull House
59.3%
The Be SharpsThe Simpsons
50.8%
ScrantonicityThe Office (US)
48.3%
Zack AttackSaved By the Bell
46.7%
Dr. F√ľnke's 100% Natural Good Time Family Band SolutionArrested Development
39.3%
Handful of PeterFamily Guy
38.5%
The HorndogsThe Drew Carey Show
38%
Stinky WizzleteatsRen & Stimpy
37.3%
The BeetsDoug
35.7%
Dr. Teeth and the Electric MayhemThe Muppet Show
32.8%
Faith + 1South Park
28.3%
The Silver PlattersThe Brady Bunch
26.1%
Musicians TV Show % Correct
Drive ShaftLost
24.2%
John GermaineSeinfeld
23.4%
Chip SkylarkThe Fairly Oddparents
17.5%
Cylon and GarfunkelFuturama
17.1%
Dino SpumoniHey Arnold
12.2%
ZorakThe Brak Show
10.5%
Dingoes Ate My BabyBuffy the Vampire Slayer
10.4%
Krazee-Eyez KillaCurb Your Enthusiasm
10%
Mystik SpiralDaria
6.4%
Arthur Ewing and his Musical MiceMonty Python's Flying Circus
5%
PMSDegrassi: The Next Generation
4.1%
The Short CircusThe Electric Company
2.6%
The BlowholesThe Adventures of Pete & Pete
1.9%
Shallow Gravy
(a.k.a. Lip Glossary /
Goat Blood Sacrifice)
The Venture Brothers
1.4%

You're not logged in!

Compare scores with friends on all Sporcle quizzes.
OR
Log In

From the Vault

Two-Time Best Actor Oscar Winners

by BrianZane

These are the guys who remembered to thank the academy the first time.
Remove Ads.
Support Sporcle.
Get the best of Sporcle when you Go Orange. This ad-free experience offers more features, more stats, and more fun while also helping to support Sporcle. Thank you for becoming a member.

Show Comments

Extras

Top Quizzes Today


Score Distribution

Your Account Isn't Verified!

In order to create a playlist on Sporcle, you need to verify the email address you used during registration. Go to your Sporcle Settings to finish the process.

Report this User

Report this user for behavior that violates our Community Guidelines.

Details: